| 000 | 01027nam a2200289 i 4500 | ||
|---|---|---|---|
| 005 | 20260430145556.0 | ||
| 008 | 260430t20252025my d gr o001 0bmay d | ||
| 020 |
_a9789674619879 _cRM44.00 _qpaperback |
||
| 040 |
_aPPAK _beng _cPPAK _erda |
||
| 082 | 0 | 4 |
_223 _a306.2595 |
| 090 | 0 | 0 |
_a306.2595 _bPEM _dG |
| 245 | 0 | 0 |
_aPEMIKIRAN POLITIK, KOLONIALISME DAN NASIONALISME DI MALAYSIA : _bEsei-Esei Penghargaan kepada Abdul Rahman Haji Ismail / _cEditor Azmi Arifin |
| 264 | 1 |
_aPulau Pinang : _bPenerbit Universiti Sains Malaysia, _c2025 |
|
| 264 | 4 | _c©2025 | |
| 300 |
_axiii, 293 pages : _bcharts ; _c24 cm |
||
| 336 |
_atext _2rdacontent |
||
| 337 |
_aunmediated _2rdamedia |
||
| 338 |
_avolume _2rdacarrier |
||
| 500 | _aIncludes index. | ||
| 504 | _aBibliography: pages 275-277. | ||
| 650 | 1 | 0 |
_aPolitical culture _zMalaysia |
| 650 | 2 | 0 | _aEssays |
| 650 | 2 | 0 | _aMalay literature |
| 650 | 2 | 0 |
_aGovernment publications _zMalaysia |
| 700 | 0 |
_aAzmi Arifin, _eeditor. |
|
| 942 |
_2ddc _cB |
||
| 999 |
_c204068 _d204068 |
||